El arcoiris / (Record no. 140452)

MARC details
000 -CABECERA
campo de control de longitud fija 00611nam a2200193 a 4500
005 - FECHA Y HORA DE LA ÚLTIMA TRANSACCIÓN
campo de control 20210223130909.0
008 - ELEMENTOS DE LONGITUD FIJA--INFORMACIÓN GENERAL
campo de control de longitud fija 081204m19942003mx r 000 0 spa d
020 ## - NÚMERO INTERNACIONAL NORMALIZADO PARA LIBROS
Número Internacional Estándar del Libro 9683911870
035 ## - NÚMERO DE CONTROL DEL SISTEMA
Número de control de sistema UPN01000168345
049 ## - COLECCIÓN
Colección I
050 #4 - SIGNATURA TOPOGRÁFICA DE LA BIBLIOTECA DEL CONGRESO
Número de clasificación PZ78
Número de documento/Ítem C3.2
100 1# - ASIENTO PRINCIPAL--NOMBRE PERSONAL
Nombre de persona Cabiedes, María de los Angeles,
Fechas asociadas al nombre 1965-
9 (RLIN) 36290
245 13 - MENCIÓN DE TÍTULO
Título El arcoiris /
Mención de responsabilidad, etc. texto Ma. de los Angeles Cabiedes ; il. Omar Santana Pérez.
260 ## - PUBLICACIÓN, DISTRIBUCIÓN, ETC.
Lugar de publicación, distribución, etc. México :
Nombre del editor, distribuidor, etc. Patria,
Fecha de publicación, distribución, etc. 1994 (2003 impr.).
300 ## - DESCRIPCIÓN FÍSICA
Extensión 31 p. :
Otras características físicas il. col.
440 #0 - MENCIÓN DE SERIE/ASIENTO SECUNDARIO--TÍTULO
Título Piñata.
Nombre de parte o sección de la obra El medio ambiente
650 #4 - ASIENTO SECUNDARIO DE MATERIA - TERMINO TEMATICO
Término de materia o nombre geográfico como elemento de entrada ARCO IRIS -
Subdivisión de forma LITERATURA INFANTIL
9 (RLIN) 13763
905 ## - TIPO DE MATERIAL
Tipo de material Infantil
Holdings
Estado de retiro Estado de pérdida Fuente del sistema de clasificación o colocación Estado dañado No para préstamo Código de colección Localización permanente Ubicación/localización actual Ubicación en estantería Fecha de adquisición Clasificación Código de barras Fecha visto por última vez Número de copia Tipo de ítem Koha
    Library of Congress Classification     Infantil Bib. Gregorio Torres Quintero Bib. Gregorio Torres Quintero Sala infantil Planta baja 10/05/2023 PZ78 C3.2 257901 31/12/2020 1 Libro